000
00264nam a22001097a 4500
082
_a
658.3 GRI'C
100
_a
GRILLO, ELMER V
_9
57573
245
_a
CONTROL TECHNIQUES FOR OFFICE EFFICIENCY
260
_a
NEWYORK
_b
MCGRAW HILL
_c
1963
300
_a
273P
942
_c
BK
999
_c
567842
_d
567842